Marketing ako súčasť cirkulárnej ekonomiky dizertačná práca

Enregistré dans:
Détails bibliographiques
Auteur principal: Jurkovič, Miroslav, 1979-
Collectivité auteur: Obchodná fakulta EU. Katedra marketingu
Autres auteurs: Hanuláková, Eva, 1964-
Format: Livre
Langue:slovaque
Publié: Bratislava 2024
Sujets:
Tags: Ajouter un tag
Pas de tags, Soyez le premier à ajouter un tag!

MARC

LEADER 00000nbm a2200000 4500
001 0303032
005 20240718102549.9
041 0 |a slo 
044 |a SK 
245 1 0 |a Marketing ako súčasť cirkulárnej ekonomiky  |b dizertačná práca  |c Miroslav Jurkovič ; školiteľ: Eva Hanuláková 
264 1 |a Bratislava  |c 2024 
300 |a 221 s. 
610 2 0 |a hospodárstvo obehové 
610 2 0 |a marketing 
610 2 0 |a tabak 
610 2 0 |a odpad 
100 1 |a Jurkovič, Miroslav, 1979- 
700 1 |a Hanuláková, Eva, 1964- 
710 2 |a Obchodná fakulta EU. Katedra marketingu